Children with exceptionalities in Canadian classrooms / (Record no. 1699)

000 -LEADER
fixed length control field 01139cam a2200373 a 4500
003 - CONTROL NUMBER IDENTIFIER
control field CaAEU
005 - DATE AND TIME OF LATEST TRANSACTION
control field 20210629110542.0
008 - FIXED-LENGTH DATA ELEMENTS--GENERAL INFORMATION
fixed length control field 040402s2005 onc b 001 0 eng
020 ## - INTERNATIONAL STANDARD BOOK NUMBER
International Standard Book Number 0131229362 :
040 ## - CATALOGING SOURCE
Transcribing agency NLC
043 ## - GEOGRAPHIC AREA CODE
Geographic area code n-cn---
049 ## - LOCAL HOLDINGS (OCLC)
Holding library UABA
050 #4 - LIBRARY OF CONGRESS CALL NUMBER
Classification number LC3984
Item number .W795 2005
090 ## - LOCALLY ASSIGNED LC-TYPE CALL NUMBER (OCLC); LOCAL CALL NUMBER (RLIN)
Classification number (OCLC) (R) ; Classification number, CALL (RLIN) (NR) LC 3984 .W795 2005
Local cutter number (OCLC) ; Book number/undivided call number, CALL (RLIN) AEG
090 ## - LOCALLY ASSIGNED LC-TYPE CALL NUMBER (OCLC); LOCAL CALL NUMBER (RLIN)
Classification number (OCLC) (R) ; Classification number, CALL (RLIN) (NR) LC 3984 W795 2005
Local cutter number (OCLC) ; Book number/undivided call number, CALL (RLIN) ARDC
090 ## - LOCALLY ASSIGNED LC-TYPE CALL NUMBER (OCLC); LOCAL CALL NUMBER (RLIN)
Classification number (OCLC) (R) ; Classification number, CALL (RLIN) (NR) LC 3984 W795 2005
Local cutter number (OCLC) ; Book number/undivided call number, CALL (RLIN) AEU
100 1# - MAIN ENTRY--PERSONAL NAME
Personal name Winzer, M. A.
Dates associated with a name 1940-
245 10 - TITLE STATEMENT
Title Children with exceptionalities in Canadian classrooms /
Statement of responsibility, etc. Margret Winzer.
250 ## - EDITION STATEMENT
Edition statement 7th ed.
260 ## - PUBLICATION, DISTRIBUTION, ETC.
Place of publication, distribution, etc. Toronto :
Name of publisher, distributor, etc. Prentice Hall Canada,
Date of publication, distribution, etc. c2005.
300 ## - PHYSICAL DESCRIPTION
Extent xviii, 652 p. ;
Dimensions 25 cm.
336 ## - CONTENT TYPE
Content type term text
Content type code txt
Source rdacontent
337 ## - MEDIA TYPE
Media type term unmediated
Media type code n
Source rdamedia
338 ## - CARRIER TYPE
Carrier type term volume
Carrier type code nc
Source rdacarrier
504 ## - BIBLIOGRAPHY, ETC. NOTE
Bibliography, etc. note Includes bibliographical references (p. 583-622) and index.
650 #0 - SUBJECT ADDED ENTRY--TOPICAL TERM
Topical term or geographic name entry element Special education
Geographic subdivision Canada.
650 12 - SUBJECT ADDED ENTRY--TOPICAL TERM
Topical term or geographic name entry element Education, Special
Geographic subdivision Canada.
942 ## - ADDED ENTRY ELEMENTS (KOHA)
Source of classification or shelving scheme
Koha item type Book
Suppress in OPAC MM
949 ## - LOCAL PROCESSING INFORMATION (OCLC)
h UAED-B
i 0162020240337
Holdings
Withdrawn status Lost status Source of classification or shelving scheme Damaged status Not for loan Permanent Location Current Location Shelving location Date acquired Total Checkouts Full call number Barcode Date last seen Date last checked out Price effective from Koha item type Public note
          AU LIBRARY AU LIBRARY Open Shelf 29.06.2021 1 LC3984 .W795 2005 28000821 26.09.2023 25.09.2023 29.06.2021 Book MM

Powered by Koha